000 00641nam a2200193Ia 4500
999 _c39559
_d39559
001 6158
003 GE_BSU
005 20191220165207.0
008 181216s1970||||ge |||||||||||||| ||geo||
040 _cGE_BSU
041 _ageo
080 _a821.353.1-32 გ-42
100 _aგეწაძე, აკაკი.
_95853
245 _aგაქვავებული მზე :
_bმოთხრობა /
_cაკაკი გეწაძე.
264 _aთბილისი :
_bნაკადული,
_c1970.
300 _a65 გვ. ;
_c16 სმ.
653 _aგაქვავებული მზე
942 _cBK
_2udc